000 00696nam a2200241Ia 4500
003 OSt
005 20220928130609.0
006 a|||||r|||| 00| 0
007 ta
008 220927b |||||||| |||| 00| 0 eng d
024 _a6292
037 _cTextual
040 _aSDCL
_cSDCL
_beng
041 _2eng
_aeng
082 _aBobX9, P8
100 _aBonilla Luis L Ed.
_9474938
245 0 _aProgress in industrial mathematics at ECMI 2006.
260 _aBerlin
_bSpringer
_c2008
300 _axxi,981+various pagination
_ccm.
700 _a Moscoso Miguel Ed.
_9474939
942 _hBobX9, P8
_cTEXL
_2CC
999 _c787495
_d787495